Fundamentals of database systems / (رقم التسجيلة. 34910)
[ عرض عادي ]
| 000 -الفاتح | |
|---|---|
| حقل البيانات ثابتة الطول | 00710nam a22002297a 4500 |
| 003 - محدد رقم الضبط | |
| رقم الضبط | OSt |
| 005 - وقت وتاريخ اخر تعامل مع التسجيلة | |
| رقم الضبط | 20150408114216.0 |
| 008 - عناصر البيانات ثابتة الطول - معلومات عامة | |
| حقل البيانات ثابتة الطول | 140512s2014 enka g b 001 0 eng d |
| 020 ## - الرقم الدولى المعيارى للكتب | |
| الرقم الدولى المعيارى للكتاب | 9781292025605 |
| 040 ## - مصدر الفهرسة | |
| وكالة الفهرسة الأصلية | Ma-Un |
| 082 00 - رقم تصنيف ديوى العشرى | |
| رقم الطبعة | 22 |
| رقم التصنيف | 005.74 |
| رقم المادة | ERF |
| 100 1# - المدخل الرئيسى - إسم شخصى | |
| الإسم الشخصى | Elmasri, Ramez |
| 9 (RLIN) | 5365 |
| 245 10 - بيان العنوان | |
| العنوان | Fundamentals of database systems / |
| بيان المسئوليه,etc | Ramez Elmasri, Shamkant Navathe. |
| 250 ## - بيان الطبعة | |
| بيان الطبعة | 6th ed, Pearson new international edition. |
| 260 ## - PUBLICATION, DISTRIBUTION, ETC. (IMPRINT) | |
| مكان الناشر او الموزع | Harlow, Essex : |
| اسم الناشر او الموزع | Pearson, |
| تاريخ النشر أو التوزيع | 2014 |
| -- | [1435]. |
| 300 ## - الوصف المادى | |
| التعداد | iv, 1081 p. : |
| تفاصيل ماديه اخرى للوعاء | ill. ; |
| أبعاد الوعاء | 28 cm. |
| 504 ## - تبصرة ببليوجرافية | |
| تبصرة ببليوجرافية,الخ | Includes bibliographical references and index. |
| 650 ## - المدخل الاضافى بالموضوع-مصطلح موضوعى | |
| مصطلح موضوعي أو اسم جغرافي كعنصر مدخل | Databases |
| 650 ## - المدخل الاضافى بالموضوع-مصطلح موضوعى | |
| مصطلح موضوعي أو اسم جغرافي كعنصر مدخل | Database management |
| 700 1# - المدخل الاضافى - اسم شخصى | |
| الإسم الشخصى | Navathe, Sham |
| 9 (RLIN) | 5366 |
| 942 ## - | |
| -- | ddc |
| -- | BOOK |
| 999 ## - | |
| -- | 34910 |
| -- | 269410 |
| حالة الفقد | نموذج السعر الفعال | حالة تلف | ليس للاعارة | رقم الطلب | رقم النسخة | تاريخ الاكتساب | Serial Enumeration / chronology | الباركود | الفرع الرئيسي | Date last seen | نوع المادة فى نظام كوها | مصدر التصنيف او خطة الترفيف | Total Checkouts | مصدر التزويد | Date last checked out |
|---|---|---|---|---|---|---|---|---|---|---|---|---|---|---|---|
| 2014-05-12 | Not For Loan | 005.74 ERF | 1 | 2014-05-12 | CL | 00210467 | المكتبة المركزية بالمجمعة (CL) | 2014-05-12 | كتاب | Dewey Decimal Classification | |||||
| 2014-05-12 | 005.74 ERF | 2 | 2014-05-12 | CL | 00210468 | المكتبة المركزية بالمجمعة (CL) | 2014-05-12 | كتاب | Dewey Decimal Classification | دار العرب | |||||
| 2014-05-12 | 005.74 ERF | 3 | 2014-05-12 | CL | 00210466 | المكتبة المركزية بالمجمعة (CL) | 2014-05-12 | كتاب | Dewey Decimal Classification | دار العرب | |||||
| 2014-07-07 | 005.74 ERF | 2014-07-07 | CL | 00651916 | المكتبة المركزية بالمجمعة (CL) | 2014-07-07 | كتاب | Dewey Decimal Classification | |||||||
| 2014-07-07 | 005.74 ERF | 2014-07-07 | CL | 00651917 | المكتبة المركزية بالمجمعة (CL) | 2015-06-09 | كتاب | Dewey Decimal Classification | 1 | 2015-03-02 | |||||
| 2014-07-07 | 005.74 ERF | 2014-07-07 | CL | 00651918 | المكتبة المركزية بالمجمعة (CL) | 2014-07-07 | كتاب | Dewey Decimal Classification | |||||||
| 2014-05-12 | Not For Loan | 005.74 ERF | 1 | 2014-05-12 | EMF | 00210465 | مكتبة مجمع الطالبات بالمجمعة (EMF) | 2014-05-12 | كتاب | Dewey Decimal Classification | دار العرب | ||||
| 2014-07-07 | 005.74 ERF | 2014-07-07 | IC | 00651919 | قسم الاجراءات الفنية (IC) | 2014-07-07 | كتاب | Dewey Decimal Classification | |||||||
| 2014-07-07 | 005.74 ERF | 2014-07-07 | IC | 00651920 | قسم الاجراءات الفنية (IC) | 2014-07-07 | كتاب | Dewey Decimal Classification | |||||||
| 2014-05-12 | Not For Loan | 005.74 ERF | 1 | 2014-05-12 | SZM | 00210470 | مكتبة مجمع الكليات بالزلفى - طلاب (SZM) | 2014-05-12 | كتاب | Dewey Decimal Classification | دار العرب | ||||
| 2014-05-12 | 005.74 ERF | 2 | 2014-05-12 | SZM | 00210469 | مكتبة مجمع الكليات بالزلفى - طلاب (SZM) | 2014-05-12 | كتاب | Dewey Decimal Classification | دار العرب |
